00517nam a22002057a 450000500170000001000130001702000100003003500130004003700160005304000120006908200130008110000200009424500500011424600060016426000420017027000420021230000200025465000150027465000220028920170124105926.0 aA-318215 c00.00 haA-318215 bCen Lib/Ret aDPLbEN a330bBAI aBaishya, Prabin aEconomics for beginners /cby Prabin Baishya  b  bOmsons Publications c1987aGuwahati  bGuwahati aJasomantra Road, Panbazar  a308p.c20cm(Hb) aEconomics  aBasic principles